Persona 5, 4, 3 party members (with hints) - Statistics

General Stats
  • This quiz has been taken 128 times
  • The average score is 23 of 27
Answer Stats
Hint Answer % Correct
The Protagonist 4 Yu
98%
Student Council Makoto
97%
The Protagonist 3 Makoto
97%
The Protagonist 5 Ren
94%
A model Ann
93%
A Hacker Futaba
92%
Elementary Ken
92%
Go to sleep Morgana
91%
A clumsy guy Junpei
90%
Track guy Ryuji
90%
A Bear Teddie
90%
Movies Chie
88%
Mr. Okumara Haru
88%
Backstabber Akechi
86%
An Artist Yusuke
86%
Junes guy Yosuke
85%
Heals please Yukari
84%
Ice queen Mitsuru
83%
Boxing boy Ahkihiko
81%
Motorcycle Gang Kanji
80%
Famous singer Rise
80%
Baby Detective Naoto
78%
Inn owner Yukiko
76%
Dog :) Koromaru
75%
Boxer’s friend Shinjiro
74%
I see all Fuuka
66%
Gymnastics Sumire
64%
No matching quizzes found
Score Distribution
Percent of People with Each Score
Percentile by Number Answered
Your Score History
You have not taken this quiz